[Event "Hoogeveen Essent op"]
[Site "Hoogeveen"]
[Date "2006.10.25"]
[Round "6"]
[White "Shumiakina, Tatiana"]
[Black "Willemze, Jeroen"]
[Result "1/2-1/2"]
[WhiteElo "2363"]
[BlackElo "2423"]
[PlyCount "87"]
[EventDate "2006.10.21"]
[EventType "swiss"]
[EventRounds "9"]
[EventCountry "NED"]
[SourceTitle "EXT 2007"]
[Source "ChessBase"]
[SourceDate "2006.11.23"]
[SourceVersion "1"]
[SourceVersionDate "2006.11.23"]
[SourceQuality "1"]

1. d4 d5 2. c4 c6 3. Nf3 Nf6 4. e3 e6 5. Bd3 a6 6. 0-0 dxc4 7. Bxc4 c5 8. dxc5 Qxd1 9. Rxd1 Bxc5 10. Nbd2 b5 11. Be2 Bb7 12. Nb3 Be7 13. Nfd4 Nbd7 14. f3 Bd8 15. e4 Bb6 16. Be3 0-0 17. Kf2 Rac8 18. Rac1 Ne5 19. Nc2 Bxe3+ 20. Nxe3 Rxc1 21. Rxc1 Rc8 22. Rd1 Kf8 23. Na5 Ba8 24. b3 Ke7 25. a4 Nc6 26. Nxc6+ Bxc6 27. Rc1 Kd8 28. axb5 Bxb5 29. Rxc8+ Kxc8 30. Nc4 Bxc4 31. Bxc4 a5 32. Ke3 Kc7 33. Kd4 Kc6 34. f4 Nd7 35. g4 Kd6 36. e5+ Kc6 37. h4 g6 38. f5 Nc5 39. h5 gxh5 40. gxh5 h6 41. Ke3 Kc7 42. Kd4 Kc6 43. Ke3 Kc7 44. Kd4 1/2-1/2

[Event "Hoogeveen Essent op"]
[Site "Hoogeveen"]
[Date "2006.10.22"]
[Round "3"]
[White "Willemze, Jeroen"]
[Black "Okkes, Menno"]
[Result "0-1"]
[WhiteElo "2423"]
[BlackElo "2355"]
[PlyCount "74"]
[EventDate "2006.10.21"]
[EventType "swiss"]
[EventRounds "9"]
[EventCountry "NED"]
[SourceTitle "EXT 2007"]
[Source "ChessBase"]
[SourceDate "2006.11.23"]
[SourceVersion "1"]
[SourceVersionDate "2006.11.23"]
[SourceQuality "1"]

1. e4 c5 2. Nf3 Nc6 3. d4 cxd4 4. Nxd4 Nf6 5. Nc3 d6 6. Bg5 e6 7. Qd2 Be7 8. 0-0-0 Nxd4 9. Qxd4 a6 10. f3 b5 11. Kb1 Bb7 12. h4 Rc8 13. Qd2 0-0 14. Ne2 d5 15. e5 Nd7 16. f4 Nc5 17. Nd4 Ne4 18. Qe3 Qc7 19. Bxe7 Qxe7 20. Bd3 b4 21. Nb3 Qc7 22. Rc1 f6 23. exf6 Rxf6 24. Rhf1 Rcf8 25. Bxe4 dxe4 26. Nc5 Bd5 27. g3 e5 28. Rfd1 exf4 29. gxf4 Rf5 30. c4 bxc3 31. Rxc3 Qf7 32. Ra3 Rxf4 33. Rxa6 Rf1 34. Re1 Qf3 35. Ra3 Qh1 36. Rxf1 Rxf1+ 37. Kc2 Qg2+ 0-1

[Event "NED-ch61 sf"]
[Site "Hilversum"]
[Date "2006.02.12"]
[Round "1.4"]
[White "Wemmers, Xander"]
[Black "Willemze, Jeroen"]
[Result "1-0"]
[WhiteElo "2411"]
[BlackElo "2398"]
[PlyCount "139"]
[EventDate "2006.02.11"]
[EventType "k.o."]
[EventRounds "3"]
[EventCountry "NED"]
[SourceTitle "CBM 110 Extra"]
[Source "ChessBase"]
[SourceDate "2006.03.10"]
[SourceVersion "2"]
[SourceVersionDate "2006.03.10"]
[SourceQuality "1"]

1. d4 d5 2. c4 c6 3. Nf3 Nf6 4. Nc3 dxc4 5. e3 b5 6. a4 b4 7. Ne2 c5 8. Ng3 Ba6 9. dxc5 Qa5 10. Be2 Nbd7 11. 0-0 Nxc5 12. Nd4 e6 13. Bf3 Bb7 14. Bd2 Rc8 15. Rc1 Bxf3 16. Qxf3 Nd3 17. Qb7 Qc5 18. Rc2 Be7 19. Nb3 Qc7 20. Qb5+ Qd7 21. Na5 Qxb5 22. axb5 Rc5 23. Rxc4 Rxb5 24. Rc8+ Bd8 25. Nc4 0-0 26. Ra1 Rb7 27. Kf1 Be7 28. Rxf8+ Bxf8 29. Ke2 Nc5 30. f3 Nb3 31. Ra6 Nxd2 32. Kxd2 g6 33. e4 Nd7 34. Na5 Rc7 35. Nb3 Bg7 36. Ra2 Ne5 37. Ne2 Nc4+ 38. Ke1 Nxb2 39. Ra5 Nc4 40. Rb5 Bc3+ 41. Kf2 Nd2 42. Na5 Nc4 43. Nb3 a6 44. Rb8+ Kg7 45. Ra8 Rc6 46. Nf4 Nd2 47. Na5 b3 48. Nxc6 b2 49. Rb8 b1Q 50. Rxb1 Nxb1 51. Ke2 Na3 52. Kd3 Ba1 53. Ne2 Nb5 54. Nc1 Bb2 55. Nb3 Ba3 56. Nb8 Nc7 57. Kc4 Kf6 58. Nd7+ Kg5 59. Ne5 f6 60. Nd3 f5 61. Kd4 Bd6 62. g3 f4 63. e5 fxg3 64. exd6 g2 65. dxc7 g1Q+ 66. Kc3 Qxh2 67. c8Q h5 68. Qd8+ Kh6 69. f4 Qg3 70. Qh8# 1-0